Robot khử trùng điều khiển từ xa qua sóng wifi : Luận văn tốt nghiệp Cao học. Chuyên ngành Kỹ thuật điều khiển & Tự động hóa

Nghiên cứu và chế tạo robot khử trùng điều khiển từ xa qua song wifi là đề tài mang tính cấp thiết giải quyết bài toán kinh tế và an toàn lao động theo xu hướng phát triển công nghệ hiện nay, công nghệ 4.0, là cuộc cách mạng không dây trong nh...

Cijeli opis

Spremljeno u:
Bibliografski detalji
Glavni autor: Nguyễn, Ngọc Phú
Format: Knjiga
Jezik:Undetermined
Izdano: Cần Thơ Trường Đại Học Cần Thơ 2019
Teme:
Oznake: Dodaj oznaku
Bez oznaka, Budi prvi tko označuje ovaj zapis!
Thư viện lưu trữ: Trung tâm Học liệu Trường Đại học Cần Thơ
LEADER 01226nam a2200205Ia 4500
001 CTU_231375
008 210402s9999 xx 000 0 und d
082 |a 629.89 
082 |b Ph500 
088 |a 8520216 
100 |a Nguyễn, Ngọc Phú 
245 0 |a Robot khử trùng điều khiển từ xa qua sóng wifi : 
245 0 |b Luận văn tốt nghiệp Cao học. Chuyên ngành Kỹ thuật điều khiển & Tự động hóa 
245 0 |c Nguyễn Ngọc Phú ; Nguyễn Chí Ngôn (Cán bộ hướng dẫn) 
260 |a Cần Thơ 
260 |b Trường Đại Học Cần Thơ 
260 |c 2019 
520 |a Nghiên cứu và chế tạo robot khử trùng điều khiển từ xa qua song wifi là đề tài mang tính cấp thiết giải quyết bài toán kinh tế và an toàn lao động theo xu hướng phát triển công nghệ hiện nay, công nghệ 4.0, là cuộc cách mạng không dây trong nhà máy sản xuất thuốc thú y Vemedim. 
650 |a Điều khiển tự động,Automatic control 
980 |a Trung tâm Học liệu Trường Đại học Cần Thơ